Statistics for Taylor Swift - Karma Lyrics

Click here to take the quiz!

General Stats

  • This quiz has been taken 76 times
  • The average score is 353 of 390

Answer Stats

Answer% Correct
Karma
100%
karma
100%
a
98%
boyfriend
98%
I
98%
is
98%
My
98%
my
98%
And
96%
and
96%
'Cause
96%
'cause
96%
god
96%
in
96%
it
96%
it's
96%
It's
96%
Karma's
96%
me
96%
Me
96%
on
96%
the
96%
to
96%
you
96%
You
96%
breeze
94%
Coming
94%
coming
94%
hair
94%
honey
94%
like
94%
not?
94%
of
94%
Of
94%
Sweet
94%
that
94%
weekend
94%
what
94%
why
94%
your
94%
acrobat
91%
all
91%
cat
91%
know
91%
You're
91%
you're
91%
back
89%
clean
89%
down
89%
for
89%
from
89%
guy
89%
I'm
89%
just
89%
keep
89%
lap
89%
loves
89%
mean
89%
side
89%
straight
89%
thought
89%
vibe
89%
wouldn't
89%
around
87%
home
87%
relaxing
87%
Step
87%
step
87%
street
87%
town
87%
track
87%
but
85%
by
85%
goddamn
85%
gonna
85%
hunter
85%
screen
85%
shit
85%
talking
85%
friends
83%
hell
83%
justice
83%
learned
83%
those
83%
years
83%
Aren't
81%
Ask
81%
Flexing
81%
if
81%
queen
81%
so
81%
still
81%
summit
81%
tears
81%
there
81%
thunder
81%
get
79%
here
79%
Purring
79%
Addicted
77%
betrayal
77%
earned
77%
envious
77%
see
77%
takes
77%
bounty
74%
dare
74%
look
74%
once
74%
price?
74%
terrified
74%
twice
74%
burned
72%
cash
72%
everyone
72%
ground
72%
many
72%
relevant
72%
ain't
70%
crown
70%
glare
70%
only
70%
Spiderboy
70%
Don't
68%
king
68%
little
68%
made
66%
pennies
66%
scent
66%
thieves
66%
Trick
64%
trick
64%
webs
64%
you'll
64%
Oh
62%
fade
60%
Rattling
60%
Weave
57%
opacity
51%

Score Distribution

Percentile by Number Answered

Percent of People with Each Score

Your Score History

You have not taken this quiz